Muog : (Record no. 6686)
[ view plain ]
| 000 -LEADER | |
|---|---|
| fixed length control field | 00721nam a22001457a 4500 |
| 008 - FIXED-LENGTH DATA ELEMENTS--GENERAL INFORMATION | |
| fixed length control field | 170425b xxu||||| |||| 00| 0 eng d |
| 020 ## - INTERNATIONAL STANDARD BOOK NUMBER | |
| International Standard Book Number | 9715422071 |
| 082 ## - DEWEY DECIMAL CLASSIFICATION NUMBER | |
| Edition number | 1998 |
| Classification number | DFil 899.2113 |
| Item number | M93 |
| 245 ## - TITLE STATEMENT | |
| Title | Muog : |
| Remainder of title | ang naratibo ng kanayunan sa matagalang digmang bayan sa Pilipinas : kalipunan ng mga liham, talakayambuhay, talaarawan, reportahe, panayam, parangal/paggunita, pabula, dagli, sugilanon, maikling kwento, at bahagi ng nobela, 1972-1997/ |
| Statement of responsibility, etc. | Foreword by Jose Maria Sison; Introduction by Gelacio Guillermo. |
| 260 ## - PUBLICATION, DISTRIBUTION, ETC. (IMPRINT) | |
| Place of publication, distribution, etc. | Quezon City: |
| Name of publisher, distributor, etc. | UP Press, |
| Date of publication, distribution, etc. | c1998. |
| 300 ## - PHYSICAL DESCRIPTION | |
| Extent | vi, 416 pages: |
| Other physical details | illustrations; |
| Dimensions | 23 cm. |
| 650 #0 - SUBJECT ADDED ENTRY--TOPICAL TERM | |
| 9 (RLIN) | 20259 |
| Topical term or geographic name as entry element | Tagalog language materials. |
| 650 #0 - SUBJECT ADDED ENTRY--TOPICAL TERM | |
| 9 (RLIN) | 20260 |
| Topical term or geographic name as entry element | Tagalog fiction. |
| 942 ## - ADDED ENTRY ELEMENTS (KOHA) | |
| Source of classification or shelving scheme | Dewey Decimal Classification |
| Koha item type | Filipiniana |
| Withdrawn status | Lost status | Source of classification or shelving scheme | Damaged status | Not for loan | Collection code | Home library | Current library | Date acquired | Source of acquisition | Total Checkouts | Full call number | Barcode | Date last seen | Price effective from | Koha item type |
|---|---|---|---|---|---|---|---|---|---|---|---|---|---|---|---|
| Dewey Decimal Classification | Filipiniana | UM Digos College - LIC | UM Digos College - LIC | 11/30/2004 | Purchased | DFil 899.2113 M93 1998 | 17989 | 05/15/2025 | 04/25/2017 | Filipiniana |
